| 000 | 00660nam a2200253Ia 4500 | ||
|---|---|---|---|
| 001 | 37404 | ||
| 005 | 20240114001932.0 | ||
| 007 | ta | ||
| 008 | 070609s1945 a g b000 u 465 u | ||
| 040 | _aCotton College,Assam | ||
| 041 | _a465 | ||
| 082 |
_a942.01 _bW 72 B |
||
| 100 | _aWinbolt, S.E. . | ||
| 245 | 0 |
_aBritain Under the Romans / _cS.E.Winbolt. _hTextual Documents |
|
| 250 | _a1st ed. / | ||
| 260 |
_aMiddlesex : _bPenguin Books Ltd , _c1945. |
||
| 300 |
_a144p. : _bill ; _c19cm . |
||
| 653 | _aHistory-England | ||
| 653 | _aRomans-Britain | ||
| 653 | _aG-History | ||
| 942 |
_2ddc _cBK |
||
| 999 |
_c37384 _d37384 |
||